Statistics for Country Islands of Africa

Click here to take the quiz!

General Stats

  • This quiz has been taken 69 times
  • The average score is 6 of 6

Answer Stats

Islands% Correct
3Madagascar
96%
1Cape Verde
95%
2Comoros
95%
5Sao Tome
93%
6Seychelles
93%
4Mauritius
91%

Score Distribution

Percentile by Number Answered

Percent of People with Each Score

Your Score History

You have not taken this quiz